| Tag |
First Indicator |
Second Indicator |
Subfields |
| LEADER |
00000cam a22000001a 4500 |
| 001 |
in00003286708 |
| 006 |
m d f |
| 007 |
cr bn mmmapmmp |
| 008 |
110909s2007 dcu o f000 0 eng d |
| 005 |
20260504201934.4 |
| 035 |
|
|
|a chdc200700317
|
| 040 |
|
|
|a ProQuest
|c ProQuest
|d UtOrBLW
|
| 043 |
|
|
|a n-us---
|
| 074 |
|
|
|a 1017-A-07
|
| 074 |
|
|
|a 1017-A-07 (online)
|
| 074 |
|
|
|a 1017-B-07 (MF)
|
| 074 |
|
|
|a 1017-B-07 (online)
|
| 088 |
|
|
|a Serial no. 110-48 (United States. Congress. House. Committee on Foreign Affairs)
|
| 099 |
|
|
|a HRG-2007-FOA-0047
|
| 110 |
1 |
|
|a United States.
|b Congress.
|b House.
|b Committee on Foreign Affairs.
|b Subcommittee on the Middle East and South Asia.
|
| 245 |
1 |
0 |
|a Two sides of the same coin :
|b Jewish and Palestinian refugees : hearing before the Subcommittee on the Middle East and South Asia of the Committee on Foreign Affairs, House of Representatives, One Hundred Tenth Congress, first session, May 8, 2007.
|
| 264 |
|
1 |
|a Washington :
|b U.S. G.P.O. :
|c 2007.
|
| 264 |
|
2 |
|a Washington :
|b For sale by the Supt. of Docs., U.S. G.P.O.,
|
| 300 |
|
|
|a 1 online resource.
|
| 336 |
|
|
|a text
|b txt
|2 rdacontent
|
| 337 |
|
|
|a computer
|b c
|2 rdamedia
|
| 338 |
|
|
|a online resource
|b cr
|2 rdacarrier
|
| 500 |
|
|
|a Distributed to some depository libraries in microfiche.
|
| 500 |
|
|
|a Shipping list number: 2007-0345-P.
|
| 500 |
|
|
|a "Serial number 110-48."
|
| 530 |
|
|
|a Also available via Internet from the Committee web site. Address as of 7/27/07: http://www.internationalrelations.house.gov/110/35306.pdf; current access is available via PURL.
|
| 500 |
|
|
|a Reuse of record except for individual research requires license from ProQuest, LLC.
|
| 500 |
|
|
|a Electronic resource.
|
| 538 |
|
|
|a System requirements: PDF reader software.
|
| 650 |
|
0 |
|a Arab-Israeli conflict
|y 1993-
|x Refugees.
|
| 650 |
|
0 |
|a Palestinian Arabs
|x Politics and government
|y 21st century.
|
| 650 |
|
0 |
|a Refugees
|z West Bank.
|
| 650 |
|
0 |
|a Refugees
|z Gaza Strip.
|
| 650 |
|
0 |
|a Refugees
|z Israel.
|
| 650 |
|
0 |
|a Arab nationalism
|z Middle East.
|
| 651 |
|
0 |
|a Israel
|x Politics and government
|y 21st century.
|
| 655 |
|
7 |
|a Electronic books.
|2 local
|
| 710 |
2 |
|
|a ProQuest (Firm)
|
| 776 |
0 |
8 |
|i Print version:
|a United States.Congress.House.Committee on Foreign Affairs.Subcommittee on the Middle East and South Asia.
|t Two sides of the same coin
|w (DLC)2007406488
|w (OCoLC)157020406
|z 9780160789960
|z 0160789966
|
| 776 |
0 |
8 |
|i Microfiche version:
|a United States.Congress.House.Committee on Foreign Affairs.Subcommittee on the Middle East and South Asia.
|t Two sides of the same coin
|d [Bethesda, Md.] : ProQuest LLC, [2004]
|o CIS 2007 H381-47
|w (ProQuest)cis00700531
|
| 830 |
|
0 |
|a U.S. Congressional Hearings.
|
| 856 |
4 |
0 |
|u http://proxy.library.tamu.edu/login?url=https://congressional.proquest.com/congcomp/getdoc?HEARING-ID=HRG-2007-FOA-0047
|z Connect to the full text of this electronic book
|t 0
|
| 998 |
|
|
|a cis00700531
|
| 999 |
|
|
|a MARS
|
| 999 |
f |
f |
|s cbb495a2-1624-349e-b32d-1da96a325ff9
|i 43c55f20-94a3-326c-90be-9354efe40886
|t 0
|
| 952 |
f |
f |
|a Texas A&M University
|b College Station
|c Electronic Resources
|s www_evans
|d Available Online
|t 0
|e HRG-2007-FOA-0047
|h Other scheme
|
| 998 |
f |
f |
|a HRG-2007-FOA-0047
|t 0
|l Available Online
|